|
|
|
|
| LEADER |
02119nam a2200541 a 4500 |
| 001 |
nkc20061692183 |
| 003 |
CZ PrNK |
| 005 |
20171120084855.0 |
| 007 |
ta |
| 008 |
061009s2006 xr abcef 010 0 cze |
| 015 |
|
|
|a cnb001692183
|
| 020 |
|
|
|a 80-7040-883-9
|q (váz.)
|
| 035 |
|
|
|a (OCoLC)85714298
|
| 040 |
|
|
|a OLA001
|b cze
|d ABA001
|
| 041 |
0 |
|
|a cze
|b eng
|
| 043 |
|
|
|a e-xr---
|b e-xr-cc
|2 czenas
|
| 045 |
|
|
|a v-y-
|
| 072 |
|
7 |
|a 378
|x Vysoké školy
|2 Konspekt
|9 22
|
| 080 |
|
|
|a 37.09
|2 MRF
|
| 080 |
|
|
|a 001:316.344.3
|2 MRF
|
| 080 |
|
|
|a 378
|2 MRF
|
| 080 |
|
|
|a (437.31-13)
|2 MRF
|
| 080 |
|
|
|a (048.8)
|2 MRF
|
| 100 |
1 |
|
|a Novotný, Miroslav,
|d 1958-
|7 xx0007888
|4 aut
|
| 245 |
1 |
0 |
|a Dějiny vyššího školství a vzdělanosti na jihu Čech od středověkých počátků do současnosti /
|c Miroslav Novotný a kol.
|
| 250 |
|
|
|a Vyd. 1.
|
| 260 |
|
|
|a V Českých Budějovicích :
|b Jihočeská univerzita,
|c 2006
|
| 300 |
|
|
|a 264 s., [104] s. obr. příl. :
|b il. (převážně barev.), mapy, portréty, plány, faksim. ;
|c 24 cm
|
| 500 |
|
|
|a "K patnáctému výročí Jihočeské univerzity"--Preliminária
|
| 504 |
|
|
|a Obsahuje bibliografii
|
| 546 |
|
|
|a Anglické resumé
|
| 648 |
|
7 |
|a 18.-20. století
|7 ch757019
|2 czenas
|
| 648 |
|
7 |
|a 20.-21. století
|7 ch462155
|2 czenas
|
| 650 |
0 |
7 |
|a školství
|7 ph116829
|z Česko
|y 18.-20. století
|2 czenas
|
| 650 |
0 |
7 |
|a vzdělanost
|7 ph127306
|z Česko
|y 18.-20. století
|2 czenas
|
| 650 |
0 |
7 |
|a vysoké školy
|7 ph116649
|z Česko
|y 20.-21. století
|2 czenas
|
| 650 |
0 |
9 |
|a education
|z Czechia
|y 18th-20th centuries
|2 eczenas
|
| 650 |
0 |
9 |
|a educational attainment
|z Czechia
|y 18th-20th centuries
|2 eczenas
|
| 650 |
0 |
9 |
|a universities and colleges
|z Czechia
|y 20th-21st centuries
|2 eczenas
|
| 651 |
|
7 |
|a Čechy jižní (Česko)
|7 ge131648
|2 czenas
|
| 651 |
|
9 |
|a Bohemia, South (Czechia)
|2 eczenas
|
| 655 |
|
7 |
|a monografie
|7 fd132842
|2 czenas
|
| 655 |
|
9 |
|a monographs
|2 eczenas
|
| 910 |
2 |
|
|a BOA001
|b 2-1176.175
|
| 990 |
|
|
|a BK
|
| 995 |
|
|
|a 01
|
| 991 |
|
|
|b 200611
|c NOV
|
| 996 |
6 |
|
|b 2610293010
|c 2-1176.175
|l MZK
|r Sklad / do 1 hodiny
|n 3
|p p.v.
|w 000829720
|u 000010
|a 1
|e BOA001
|j MZK50
|s P
|